[Event "Weekend"]
[Site "Monza ITA"]
[Date "2006.03.19"]
[Round "3"]
[White "Fornari, Sergio"]
[Black "Mannoni, Luigi"]
[Result "0-1"]
[WhiteElo "1421"]
[BlackElo "1562"]
[PlyCount "114"]
[EventDate "2006.03.18"]

1.d4 Nf6 2.Nf3 d5 3.e3 Bg4 4.Nbd2 e6 5.Bd3 Nbd7 6.c3 c5 7.O-O c4 8.Bc2 Bd6
9.Re1 O-O 10.e4 dxe4 11.Nxe4 Nxe4 12.Bxe4 Qc7 13.g3 Nf6 14.Kg2 Nxe4 15.
Rxe4 Bf5 16.Rh4 Qc6 17.Kg1 Be4 18.Ng5 Bg6 19.Nxh7 Rfe8 20.Ng5 Be7 21.Rh3 
Rad8 22.Qf3 Rd5 23.Qg4 Bxg5 24.Bxg5 Bf5 25.Qh4 Bxh3 26.Qxh3 Rxg5 27.f4 Rg6
28.Re1 Qf3 29.Rf1 Qe3+ 30.Kh1 Qe4+ 31.Kg1 Rh6 32.Qg2 Qxg2+ 33.Kxg2 g6 34.
Re1 Rd8 35.Re5 Rd5 36.Re4 Rdh5 37.h4 Rb5 38.Re2 Kf8 39.Kf3 Ke7 40.Kg2 f6 
41.Kh3 Rf5 42.b4 cxb3 43.axb3 Ra5 44.b4 Rb5 45.Ra2 a6 46.Kg4 Rh8 47.Kf3 
Rc8 48.Rc2 Rxb4 49.Ke3 Rb3 50.Kd3 a5 51.g4 b5 52.f5 b4 53.fxg6 Rbxc3+ 54.
Rxc3 Rxc3+ 55.Kd2 a4 56.h5 Kf8 57.h6 Kg8 0-1

[Event "Weekend"]
[Site "Monza ITA"]
[Date "2006.03.19"]
[Round "3"]
[White "Franzini, Stefano"]
[Black "Montagner, Enzo"]
[Result "1-0"]
[WhiteElo "1715"]
[BlackElo "1453"]
[PlyCount "113"]
[EventDate "2006.03.18"]

1.e4 c5 2.Nc3 Nc6 3.f4 e6 4.Nf3 h6 5.Bc4 a6 6.d4 cxd4 7.Nxd4 Bc5 8.Nxc6 
bxc6 9.Qe2 Qb6 10.Na4 Qa5+ 11.Nc3 d5 12.exd5 Ne7 13.dxe6 Bxe6 14.Bxe6 O-O 
15.Bxf7+ Rxf7 16.Be3 Bxe3 17.Qxe3 Nd5 18.Qg3 Re8+ 19.Kd2 Nxc3 20.Qxc3 Qd5+
21.Qd3 Qa5+ 22.Qc3 Rd7+ 23.Kc1 Qb6 24.Qb3+ Qxb3 25.axb3 Re2 26.Rxa6 Rc7 
27.g3 Kf7 28.b4 Ke7 29.Kd1 Rf2 30.Re1+ Kf7 31.Re2 Rf1+ 32.Kd2 Rf3 33.c3 
Rd7+ 34.Kc2 Rc7 35.Kb3 Rd3 36.Kc4 Rd5 37.Ra5 Rd8 38.Kc5 Kf6 39.Kb6 Rdc8 
40.Rae5 Kf7 41.Rd2 g6 42.Rd6 Re7 43.Rxe7+ Kxe7 44.Rxc6 Rd8 45.Kc5 Kf7 46.
Rd6 Ra8 47.Rd2 Ke6 48.b5 Rc8+ 49.Kb6 Rb8+ 50.Kc5 Rc8+ 51.Kb4 Rb8 52.c4 Rb7
53.c5 Kf5 54.c6 Rc7 55.Kc5 Re7 56.b6 Rf7 57.c7 1-0

[Event "Weekend"]
[Site "Monza ITA"]
[Date "2006.03.19"]
[Round "3"]
[White "Galli, Giuliano"]
[Black "Bencivenga, Antonio"]
[Result "0-1"]
[WhiteElo "1403"]
[BlackElo "1443"]
[PlyCount "88"]
[EventDate "2006.03.18"]

1.e4 d6 2.d4 Nf6 3.Nc3 g6 4.Nf3 Bg7 5.Be2 O-O 6.O-O Nbd7 7.h3 e5 8.dxe5 
dxe5 9.Be3 b6 10.Bd3 Bb7 11.Qe2 c5 12.Bg5 h6 13.Bxf6 Bxf6 14.Rad1 Qe7 15.
Bc4 a6 16.Bd5 Nb8 17.Bxb7 Qxb7 18.Rd2 Nc6 19.a3 Nd4 20.Qe3 Rad8 21.Rfd1 
Bg7 22.Nb1 Nxc2 23.Qe2 Rxd2 24.Nbxd2 Nd4 25.Nxd4 exd4 26.Nc4 Qc7 27.b4 b5 
28.Na5 c4 29.Rc1 d3 30.Qxd3 Rd8 31.Qe2 Bd4 32.Nb3 Qf4 33.g3 Qxg3+ 34.Kf1 
Qxh3+ 35.Ke1 Qxb3 36.f3 Qxa3 37.Rd1 Qxb4+ 38.Kf1 a5 39.Qh2 Kg7 40.Qc7 Qb3 
41.Rxd4 Qxf3+ 42.Kg1 Qe3+ 43.Kg2 Qxd4 44.Qxa5 Qxe4+ 0-1

[Event "Weekend"]
[Site "Monza ITA"]
[Date "2006.03.19"]
[Round "3"]
[White "Giancola, Andrea"]
[Black "Crippa, Oscar"]
[Result "0-1"]
[WhiteElo "1592"]
[BlackElo "1577"]
[PlyCount "75"]
[EventDate "2006.03.18"]

1.e4 e6 2.d4 d5 3.Nd2 Nf6 4.e5 Nfd7 5.Bd3 c5 6.c3 Nc6 7.Ne2 g6 8.O-O Bg7 
9.Nf3 O-O 10.Bg5 Qe8 11.Qd2 cxd4 12.cxd4 f6 13.exf6 Nxf6 14.Bh6 Qd8 15.
Bxg7 Kxg7 16.Nf4 Qd6 17.g3 Bd7 18.Rfe1 Rae8 19.Bc2 Ng4 20.h3 Nh6 21.Ne5 
Nxe5 22.dxe5 Qb6 23.Nh5+ gxh5 24.Re2 Qd8 25.Qd4 Qg5 26.Qxa7 Bc6 27.Ba4 Ra8
28.Qb6 Rxa4 29.Qc7+ Kg8 30.Qd6 Qf5 31.f4 Qf7 32.Rf1 Nf5 33.Qc5 Kh8 34.g4 
Ng3 35.Rg2 Nxf1 36.gxh5 Qxf4 37.Qc1 d4 38.Qe1 0-1

[Event "Weekend"]
[Site "Monza ITA"]
[Date "2006.03.19"]
[Round "3"]
[White "Kokosar, Oliviero"]
[Black "Santelli, Francesco"]
[Result "0-1"]
[WhiteElo "1478"]
[BlackElo "1810"]
[PlyCount "114"]
[EventDate "2006.03.18"]

1.d4 Nf6 2.c4 e5 3.Bg5 exd4 4.Qxd4 Be7 5.Nc3 Nc6 6.Qd1 d6 7.e3 h6 8.Bh4 g5
9.Bg3 Be6 10.h3 Ne5 11.b3 Bf8 12.Bxe5 dxe5 13.Qf3 Bb4 14.e4 Bxc3+ 15.Qxc3 
Nxe4 16.Qb2 Qd6 17.a3 Qd4 18.Qxd4 exd4 19.Bd3 Nc5 20.Bc2 d3 21.Bd1 O-O-O 
22.Nf3 g4 23.Nd2 gxh3 24.gxh3 Rde8 25.Kf1 Bf5 26.Ra2 Re7 27.b4 Ne4 28.Bg4 
Bxg4 29.hxg4 Nc3 30.Rb2 Re2 31.Rh3 Rxf2+ 32.Kxf2 Nd1+ 33.Kf3 Nxb2 34.Ke4 
Re8+ 35.Kd4 Rd8+ 36.Kc3 Nd1+ 37.Kb3 Nf2 38.Rg3 Rd4 39.Kc3 Rxg4 40.Rxg4 
Nxg4 41.Kxd3 Kd7 42.Ke4 Ke6 43.Nf3 c6 44.Kf4 Nf2 45.Nd4+ Kf6 46.Nf3 b5 47.
c5 Nd3+ 48.Ke4 Nf2+ 49.Kf4 h5 50.Nd4 Nd3+ 51.Ke4 Ne5 52.Kf4 h4 53.Nf5 h3 
54.Ng3 h2 55.Ke3 Nc4+ 56.Kf2 Nxa3 57.Kg2 Nc2 0-1

[Event "Weekend"]
[Site "Monza ITA"]
[Date "2006.03.19"]
[Round "3"]
[White "Lapiccirella, Mattia"]
[Black "Poletto, Daniele"]
[Result "1-0"]
[WhiteElo "2243"]
[BlackElo "1670"]
[PlyCount "83"]
[EventDate "2006.03.18"]

1.d4 Nf6 2.c4 g6 3.Nc3 Bg7 4.e4 d6 5.Be2 O-O 6.Nf3 e5 7.d5 a5 8.Bg5 h6 9.
Bh4 Qe8 10.Nd2 Na6 11.g4 Nh7 12.f3 Nc5 13.Qc2 Bd7 14.Bf2 b6 15.Be3 Qe7 16.
h4 Rfe8 17.h5 g5 18.b3 Rec8 19.a3 Nf8 20.O-O Qd8 21.b4 Nb7 22.Rab1 axb4 
23.axb4 c5 24.dxc6 Bxc6 25.Nd5 Bxd5 26.exd5 Ra3 27.Rb3 Rca8 28.Ne4 Ra2 29.
Rb2 R2a3 30.Bd3 Nd7 31.Rd1 Nf6 32.Qf2 Ra1 33.Rxa1 Rxa1+ 34.Kg2 Nd7 35.Ra2 
Rxa2 36.Qxa2 Qb8 37.Qa6 Nd8 38.Bc2 Qb7 39.Qxb7 Nxb7 40.Ba4 Nb8 41.Bxb6 Na6
42.Bc6 1-0

[Event "Weekend"]
[Site "Monza ITA"]
[Date "2006.03.19"]
[Round "3"]
[White "Madaschi, Sergio"]
[Black "Merlini, Luigi"]
[Result "1/2-1/2"]
[WhiteElo "1523"]
[BlackElo "1432"]
[PlyCount "102"]
[EventDate "2006.03.18"]

1.e4 e5 2.Nf3 Nc6 3.Bb5 a6 4.Ba4 Nf6 5.O-O b5 6.Bb3 Be7 7.c3 O-O 8.Re1 d5 
9.exd5 Nxd5 10.Nxe5 Nxe5 11.Rxe5 Nf6 12.d4 Bd6 13.Re2 Ng4 14.h3 Qh4 15.Bd5
Rb8 16.Nd2 Nf6 17.Nf3 Qh5 18.Be4 Nxe4 19.Rxe4 Bb7 20.Re3 Qg6 21.Qd3 f5 22.
d5 Rbd8 23.Re6 Qh5 24.Bg5 Rd7 25.Kf1 Rdf7 26.Rae1 Bc8 27.Re8 Bd7 28.Rxf8+ 
Rxf8 29.Be7 Re8 30.Bxd6 cxd6 31.Rxe8+ Qxe8 32.Qd4 h6 33.Qb6 b4 34.Qxb4 Qg6
35.c4 f4 36.Qb3 Bf5 37.Qc3 Be4 38.Kg1 Bxf3 39.Qxf3 Qb1+ 40.Kh2 Qxb2 41.
Qxf4 Qxa2 42.Qxd6 Qxc4 43.Qe6+ Kh8 44.Qe8+ Kh7 45.Qe5 Qc5 46.Qf5+ Kh8 47.
Qe6 Qxf2 48.Qxa6 Qf4+ 49.Kg1 Qc1+ 50.Qf1 Qc5+ 51.Kh1 Qxd5 1/2-1/2

[Event "Weekend"]
[Site "Monza ITA"]
[Date "2006.03.19"]
[Round "3"]
[White "Manca, Renato"]
[Black "Fantina, Carla"]
[Result "1-0"]
[WhiteElo "1772"]
[BlackElo "1503"]
[PlyCount "116"]
[EventDate "2006.03.18"]

1.e4 d6 2.Bc4 Nf6 3.Nc3 g6 4.d3 Bg7 5.f4 O-O 6.Nf3 Nc6 7.a3 a6 8.O-O b5 9.
Ba2 e6 10.Kh1 Bb7 11.e5 dxe5 12.fxe5 Nd5 13.Bg5 Qd7 14.Ne4 Nxe5 15.Nxe5 
Bxe5 16.Qf3 Qc6 17.Bxd5 exd5 18.Nf6+ Bxf6 19.Bxf6 Rae8 20.d4 Qe6 21.Qg3 c6
22.Qh4 h5 23.h3 Bc8 24.Qg5 Kh7 25.Be5 f5 26.Rae1 Qf7 27.g4 Kg8 28.gxh5 Qh7
29.Qxg6+ Qxg6 30.hxg6 f4 31.Rf3 Bf5 32.g7 Rf7 33.Rc3 Be4+ 34.Kh2 f3 35.
Rxc6 f2 36.Rf1 Rxe5 37.dxe5 Kxg7 38.e6 Re7 39.Rxf2 d4 40.Rxa6 Bd5 41.Rf7+ 
Rxf7 42.exf7 Kxf7 43.Rd6 Be4 44.Rxd4 Bxc2 45.Rd5 Ba4 46.b3 Bxb3 47.Rxb5 
Ba4 48.Rb6 Kg7 49.Kg3 Bc2 50.Kf4 Bd3 51.h4 Bc2 52.Kg5 Bd3 53.Rb7+ Kf8 54.
h5 Be4 55.Ra7 Kg8 56.Rc7 Kh8 57.a4 Kg8 58.a5 Kf8 1-0

[Event "Weekend"]
[Site "Monza ITA"]
[Date "2006.03.19"]
[Round "3"]
[White "Marrone, Vincenzo"]
[Black "Pelizzola, Danilo"]
[Result "0-1"]
[WhiteElo "1865"]
[BlackElo "2015"]
[PlyCount "158"]
[EventDate "2006.03.18"]

1.e4 e5 2.Nf3 Nc6 3.Bc4 Bc5 4.c3 Nf6 5.d3 d6 6.b4 Bb6 7.a4 a6 8.Bg5 Qe7 9.
O-O O-O 10.Nbd2 Be6 11.Re1 h6 12.Bxf6 Qxf6 13.Bb3 Kh7 14.Bc2 g5 15.Rf1 Rg8
16.d4 Bd7 17.Nc4 Bg4 18.Nxb6 cxb6 19.d5 Ne7 20.Bd3 Bxf3 21.Qxf3 Qxf3 22.
gxf3 Ng6 23.Rfe1 Nf4 24.Re3 Rac8 25.Rc1 Rc7 26.Kf1 Rgc8 27.Be2 Kg6 28.Bd1 
h5 29.Kg1 Kf6 30.Kf1 Ke7 31.Kg1 Rc4 32.b5 a5 33.h4 f6 34.hxg5 fxg5 35.Kh2 
Kf6 36.Bb3 R4c7 37.c4 Kg6 38.Rcc3 Kh6 39.Rc1 Rf8 40.Bd1 Ng6 41.Rcc3 Rf4 
42.Rc1 Rh4+ 43.Kg1 Nf4 44.Be2 Kg6 45.Bf1 Kf6 46.Bg2 g4 47.Kf1 Rh2 48.fxg4 
Rxg2 49.gxh5 Rcg7 50.Ke1 Nxh5 51.Rh3 Rg1+ 52.Kd2 Rxc1 53.Kxc1 Rg1+ 54.Kc2 
Kg5 55.Rf3 Nf4 56.Re3 Rg2 57.Kb3 Kg4 58.c5 bxc5 59.b6 Rxf2 60.Re1 Rb2+ 61.
Kc3 Rxb6 62.Rg1+ Kf3 63.Rg7 Kxe4 64.Rd7 Nxd5+ 65.Kc2 Ke3 66.Rd8 c4 67.Rh8 
Kd4 68.Rh6 c3 69.Rh3 Rb2+ 70.Kc1 Ne3 71.Rh4+ Kd3 72.Rd4+ Ke2 73.Rd1 Rb1+ 
74.Kxb1 Kxd1 75.Ka2 Kc2 76.Ka3 Nc4+ 77.Ka2 e4 78.Ka1 e3 79.Ka2 e2 0-1

[Event "Weekend"]
[Site "Monza ITA"]
[Date "2006.03.19"]
[Round "3"]
[White "Serio, Danilo"]
[Black "Bozzali, Ermanno"]
[Result "1/2-1/2"]
[WhiteElo "1916"]
[BlackElo "2105"]
[PlyCount "141"]
[EventDate "2006.03.18"]

1.f4 d5 2.Nf3 Nf6 3.g3 g6 4.Bg2 Bg7 5.O-O c5 6.d3 O-O 7.c3 Nc6 8.Na3 Re8 
9.Ne5 Nxe5 10.fxe5 Ng4 11.d4 cxd4 12.cxd4 Be6 13.e4 h5 14.h3 Nh6 15.exd5 
Bxd5 16.Be3 Rc8 17.Rc1 Rxc1 18.Qxc1 Nf5 19.Qe1 Bxg2 20.Kxg2 Qd5+ 21.Kh2 
Nxd4 22.Bxd4 Qxd4 23.e6 f5 24.Rf2 h4 25.gxh4 Be5+ 26.Kg2 Qd5+ 27.Rf3 Bxb2 
28.Nc2 Rc8 29.Nb4 Qc4 30.Nd3 Bf6 31.Qg3 Kh7 32.Nf4 Rg8 33.Qf2 g5 34.hxg5 
Bxg5 35.Kh2 Rd8 36.h4 Bh6 37.h5 b5 38.Ng2 Rd2 39.Qxa7 Qxe6 40.Qc5 Rd5 41.
Qf2 Re5 42.Qc2 Qc4 43.Qf2 Qg4 44.Qb2 Qxf3 45.Qxe5 Qxh5+ 46.Kg1 Qd1+ 47.Kf2
Qd7 48.Nh4 e6 49.Nf3 Qa7+ 50.Kf1 Qe3 51.Qc7+ Bg7 52.Qh2+ Kg8 53.Qb8+ Kf7 
54.Qb7+ Kg8 55.Qb8+ Kh7 56.Qh2+ Qh6 57.Ng5+ Kg6 58.Qxh6+ Bxh6 59.Nxe6 Be3 
60.Ke2 Bb6 61.Kf3 Kf6 62.Nf4 b4 63.Ne2 Ke5 64.Nf4 Bc5 65.Nd3+ Kd4 66.Nxb4 
Bd6 67.Nc2+ Kd3 68.Ne3 f4 69.Nd5 Kc4 70.Nxf4 Bxf4 71.Kxf4 1/2-1/2

[Event "Weekend"]
[Site "Monza ITA"]
[Date "2006.03.25"]
[Round "4"]
[White "Arboscelli, Gregorio"]
[Black "Crippa, Oscar"]
[Result "1-0"]
[WhiteElo "1894"]
[BlackElo "1577"]
[PlyCount "59"]
[EventDate "2006.03.18"]

1.d4 Nf6 2.c4 e5 3.dxe5 Ng4 4.Nf3 Nc6 5.Nc3 Bc5 6.e3 Ngxe5 7.Be2 d6 8.O-O 
Be6 9.b3 O-O 10.Bb2 Qd7 11.Nd4 a6 12.Ne4 Ba7 13.Ng5 h6 14.Ngxe6 fxe6 15.
Nxc6 Nxc6 16.Bd3 e5 17.Be4 Rf6 18.Qh5 Raf8 19.Rae1 Qe8 20.Qg4 Kh8 21.f3 
Qf7 22.Bb1 g6 23.Kh1 Ne7 24.f4 g5 25.Rf3 gxf4 26.exf4 Rg8 27.Qd7 Nc6 28.
Qxf7 Rxf7 29.fxe5 Rxf3 30.exd6+ 1-0

[Event "Weekend"]
[Site "Monza ITA"]
[Date "2006.03.25"]
[Round "4"]
[White "Bencivenga, Antonio"]
[Black "Rinaldo, Andrea"]
[Result "0-1"]
[WhiteElo "1443"]
[BlackElo "1772"]
[PlyCount "100"]
[EventDate "2006.03.18"]

1.d4 d5 2.Nf3 Nf6 3.e3 e6 4.Bd3 c5 5.c3 Bd6 6.O-O O-O 7.Nbd2 Nbd7 8.e4 
dxe4 9.Nxe4 Nxe4 10.Bxe4 Nf6 11.Bc2 b6 12.Bg5 Bb7 13.Qd3 Be4 14.Qxe4 Nxe4 
15.Bxd8 Nxc3 16.bxc3 Raxd8 17.dxc5 Bxc5 18.Rab1 Rc8 19.Rfd1 Rc7 20.Bb3 
Rfc8 21.c4 a5 22.Ne5 f6 23.Nd7 Be7 24.Nxb6 Rb8 25.Rd7 Rc6 26.g3 Kf8 27.
Rxe7 Kxe7 28.Na4 Rxc4 29.Re1 Rc6 30.Kg2 e5 31.f4 Rb5 32.g4 Kd6 33.Rd1+ Kc7
34.Kg3 exf4+ 35.Kxf4 Rb4+ 36.Kg3 Rd6 37.Rxd6 Kxd6 38.Nc3 Ke5 39.Kf3 h5 40.
gxh5 Rh4 41.Kg3 Rxh5 42.Nd5 a4 43.Bc4 Rg5+ 44.Kf3 Kd4 45.Ne3 Re5 46.Ng4 
Kxc4 47.Nxe5+ fxe5 48.Ke4 Kc3 49.Kxe5 Kb2 50.h4 Kxa2 0-1

[Event "Weekend"]
[Site "Monza ITA"]
[Date "2006.03.25"]
[Round "4"]
[White "Cardani, Roberto"]
[Black "Bertrecchi, Corrado"]
[Result "1-0"]
[WhiteElo "1854"]
[BlackElo "1395"]
[PlyCount "75"]
[EventDate "2006.03.18"]

1.e4 d6 2.d4 Nf6 3.Nc3 c6 4.f4 Qa5 5.Bd3 e5 6.Nf3 Bg4 7.Be3 b5 8.O-O b4 9.
Ne2 Nbd7 10.h3 Bxf3 11.Rxf3 Be7 12.Ng3 g6 13.dxe5 dxe5 14.f5 Bc5 15.Qd2 
Qb6 16.Re1 Bxe3+ 17.Qxe3 c5 18.Bc4 Rf8 19.Kh1 O-O-O 20.Qb3 a5 21.Bxf7 a4 
22.Qe6 g5 23.Rd3 Ne8 24.Rxd7 Qxe6 25.fxe6 Rxd7 26.exd7+ Kxd7 27.Bxe8+ Rxe8
28.Kg1 Ke6 29.Rd1 Re7 30.Nf5 Rc7 31.Rd6+ Kf7 32.Kf2 a3 33.bxa3 bxa3 34.Ra6
Rd7 35.Ke2 Rc7 36.Rxa3 Kg6 37.g4 Rb7 38.Ra6+ 1-0

[Event "Weekend"]
[Site "Monza ITA"]
[Date "2006.03.25"]
[Round "4"]
[White "Casartelli, Fabio"]
[Black "Serio, Danilo"]
[Result "0-1"]
[WhiteElo "1965"]
[BlackElo "1916"]
[PlyCount "52"]
[EventDate "2006.03.18"]

1.d4 e5 2.c3 exd4 3.cxd4 d5 4.Nc3 Nf6 5.Bf4 Bb4 6.a3 Ba5 7.b4 Bb6 8.Nf3 a5
9.Na4 axb4 10.Nxb6 cxb6 11.Bxb8 Rxb8 12.axb4 Qd6 13.Qb3 Bf5 14.e3 O-O 15.
Bb5 Rbc8 16.O-O Bc2 17.Qb2 Be4 18.Nd2 Ng4 19.g3 Qh6 20.h4 Rc2 21.Qb3 Rxd2 
22.f3 Bc2 23.Qc3 Qxe3+ 24.Qxe3 Nxe3 25.Rfe1 Nf5 26.Ra2 Nxd4 0-1

[Event "Weekend"]
[Site "Monza ITA"]
[Date "2006.03.25"]
[Round "4"]
[White "Cazzaniga, Andrea"]
[Black "Fornari, Sergio"]
[Result "0-1"]
[WhiteElo "1452"]
[BlackElo "1421"]
[PlyCount "54"]
[EventDate "2006.03.18"]

1.b3 e5 2.Bb2 Nc6 3.e3 d5 4.Bb5 Bd6 5.Bxc6+ bxc6 6.Nf3 Qe7 7.d3 Nf6 8.O-O 
O-O 9.Nbd2 c5 10.d4 Nd7 11.Nxe5 Nxe5 12.f4 Ng4 13.Rf3 Nxe3 14.Qc1 Re8 15.
dxc5 Bxc5 16.Kh1 Ng4 17.Rg3 Nf2+ 18.Kg1 Nd3+ 19.Kh1 Nxc1 20.Rxg7+ Kf8 21.
Be5 Qh4 22.Nf3 Rxe5 23.fxe5 Qh6 24.Rg5 Be7 25.Rg3 Qe3 26.Ng1 Qe1 27.c4 Bc5
0-1

[Event "Weekend"]
[Site "Monza ITA"]
[Date "2006.03.25"]
[Round "4"]
[White "Fiorili, Roberto"]
[Black "Lapiccirella, Mattia"]
[Result "0-1"]
[WhiteElo "1971"]
[BlackElo "2243"]
[PlyCount "46"]
[EventDate "2006.03.18"]

1.d4 Nf6 2.Nf3 c5 3.Nc3 e6 4.d5 d6 5.e4 exd5 6.exd5 Be7 7.Be2 O-O 8.O-O 
Na6 9.Re1 Nc7 10.a4 b6 11.Ng5 Bb7 12.Bf3 Qd7 13.Nh3 a6 14.Qd3 b5 15.axb5 
axb5 16.Bg5 h6 17.Bxf6 Bxf6 18.Rab1 g6 19.Nf4 Be5 20.Ne6 fxe6 21.dxe6 Nxe6
22.Rxe5 Bxf3 23.gxf3 Nf4 0-1

[Event "Weekend"]
[Site "Monza ITA"]
[Date "2006.03.25"]
[Round "4"]
[White "Lamera, Giuseppe"]
[Black "Giancola, Andrea"]
[Result "0-1"]
[WhiteElo "1419"]
[BlackElo "1592"]
[PlyCount "126"]
[EventDate "2006.03.18"]

1.e4 d5 2.exd5 Nf6 3.Nc3 c6 4.dxc6 Nxc6 5.Bb5 Bd7 6.d3 a6 7.Ba4 e6 8.a3 
Be7 9.Be3 O-O 10.h3 Na5 11.Bxd7 Qxd7 12.Qd2 Rac8 13.Ne4 Nc6 14.Nc5 Bxc5 
15.Bxc5 Rfe8 16.Nf3 e5 17.O-O-O Qe6 18.Kb1 Qd5 19.Bb6 Qb5 20.Be3 Qa4 21.
Bg5 Nd5 22.Rhe1 Ncb4 23.Rc1 Rc3 24.Re4 Rxa3 25.bxa3 Qxa3 26.Rxb4 Nxb4 27.
c3 Qb3+ 28.Qb2 Qxb2+ 29.Kxb2 Nxd3+ 30.Kc2 Nxc1 31.Kxc1 f6 32.Be3 b5 33.Bb6
Kf7 34.Nd2 Rc8 35.Ba5 f5 36.Nf3 Kf6 37.h4 e4 38.Ng5 h6 39.Nh3 g5 40.hxg5+ 
hxg5 41.Ng1 f4 42.Ne2 f3 43.gxf3 exf3 44.Ng3 g4 45.Ne4+ Ke5 46.Ng3 Kf4 47.
Nh5+ Kg5 48.Ng3 Kh4 49.Kd1 Kh3 50.Kc2 Kg2 51.Bb6 b4 52.Ne4 bxc3 53.Nxc3 g3
54.fxg3 f2 55.Bxf2 Kxf2 56.g4 Ke3 57.Kb2 Rc4 58.Nd5+ Kd2 59.g5 Rc5 60.Nb4 
Rb5 61.Ka3 Kc3 62.Na2+ Kc4 63.Nc1 Ra5+ 0-1

[Event "Weekend"]
[Site "Monza ITA"]
[Date "2006.03.25"]
[Round "4"]
[White "Merlini, Luigi"]
[Black "Faccio, Fabio"]
[Result "1-0"]
[WhiteElo "1432"]
[BlackElo "1948"]
[PlyCount "93"]
[EventDate "2006.03.18"]

1.e4 c5 2.Nf3 d6 3.d4 cxd4 4.Nxd4 Nf6 5.Nc3 a6 6.Bg5 e6 7.Be2 Be7 8.O-O 
O-O 9.Kh1 Nc6 10.f4 Qb6 11.Nb3 Qc7 12.a4 b6 13.Rb1 Bb7 14.Bf3 Rfd8 15.Qe2 
h6 16.Bh4 d5 17.Bxf6 Bxf6 18.e5 Be7 19.Rbd1 Rd7 20.Bg4 g6 21.Bh3 d4 22.Ne4
a5 23.c3 Ba6 24.c4 Rad8 25.Rf3 d3 26.Qe3 Bxc4 27.Nbd2 Bd5 28.Rg3 Bxe4 29.
Qxe4 Rd4 30.Qf3 Bh4 31.Rg4 Qe7 32.Qxc6 h5 33.Rxh4 Qxh4 34.Nf3 Qxf4 35.Nxd4
Qxd4 36.Qc7 d2 37.g3 Kg7 38.Bxe6 Qe4+ 39.Kg1 Qe3+ 40.Kg2 Qe2+ 41.Kh3 Qxd1 
42.Qxf7+ Kh6 43.Qf4+ Kg7 44.Qf6+ Kh6 45.Qxd8 Qf1+ 46.Kh4 d1=Q 47.Qh8# 1-0

[Event "Weekend"]
[Site "Monza ITA"]
[Date "2006.03.25"]
[Round "4"]
[White "Montagner, Enzo"]
[Black "Acunzo, Domenico"]
[Result "1-0"]
[WhiteElo "1453"]
[BlackElo "1776"]
[PlyCount "109"]
[EventDate "2006.03.18"]

1.d4 e6 2.c4 f5 3.a3 Nf6 4.Nc3 d5 5.Nf3 c6 6.c5 b6 7.b4 a5 8.Bg5 axb4 9.
axb4 Rxa1 10.Qxa1 bxc5 11.bxc5 Be7 12.e3 O-O 13.Be2 Qc7 14.Bf4 Qb7 15.O-O 
Na6 16.Rb1 Qa7 17.Rb6 Bb7 18.Rxa6 Bxa6 19.Qxa6 Qxa6 20.Bxa6 Ra8 21.Bf1 Ra3
22.Ne2 Ne4 23.h3 g5 24.Be5 Ra1 25.g4 Kf7 26.gxf5 exf5 27.Ng3 Kg6 28.Nxe4 
fxe4 29.Nh2 h5 30.Kg2 Kf5 31.Be2 Bxc5 32.Bxh5 Be7 33.Bg4+ Kg6 34.Bd7 Rc1 
35.Nf1 Bb4 36.Bg3 Kf7 37.Nh2 Ke7 38.Bg4 c5 39.dxc5 Bxc5 40.Nf1 Kf6 41.h4 
Rc2 42.Bd1 Rb2 43.Ba4 d4 44.hxg5+ Kxg5 45.Bf4+ Kg6 46.Bc6 dxe3 47.Bxe4+ 
Kf6 48.Nxe3 Bxe3 49.Bxe3 Ke5 50.Kf3 Rb3 51.Bh7 Ra3 52.Kg4 Ra4+ 53.f4+ Kf6 
54.Bc1 Kg7 55.Bc2 1-0

[Event "Weekend"]
[Site "Monza ITA"]
[Date "2006.03.25"]
[Round "4"]
[White "Pelizzola, Danilo"]
[Black "Capata, Ion"]
[Result "1-0"]
[WhiteElo "2015"]
[BlackElo "2084"]
[PlyCount "133"]
[EventDate "2006.03.18"]

1.e4 e5 2.Nf3 Nc6 3.Bb5 Nf6 4.O-O Nxe4 5.Qe2 Nd6 6.Nxe5 Nxe5 7.Qxe5+ Qe7 
8.Qxe7+ Bxe7 9.Ba4 b5 10.Bb3 O-O 11.Nc3 c6 12.Re1 Bf6 13.a4 b4 14.Ne4 Nxe4
15.Rxe4 d5 16.Re1 Bf5 17.d3 Rfe8 18.Kf1 Rxe1+ 19.Kxe1 Re8+ 20.Kf1 a5 21.
Rb1 g5 22.Be3 d4 23.Bd2 Re5 24.Re1 Rc5 25.Ke2 Bg6 26.Bc4 g4 27.Kf1 h5 28.
Bb3 Be5 29.g3 Kg7 30.Kg2 f6 31.h3 Bf7 32.Rc1 f5 33.Bxf7 Kxf7 34.b3 Kg6 35.
f3 gxf3+ 36.Kxf3 h4 37.gxh4 Bf6 38.Bf4 Bxh4 39.Rg1+ Kf6 40.Rg2 Kf7 41.Bc7 
Ke6 42.Bb6 Rd5 43.Re2+ Kf7 44.Kf4 Be7 45.Bc7 Kf6 46.Re5 Rxe5 47.Bxe5+ Ke6 
48.Bc7 c5 49.Bxa5 Bd6+ 50.Kf3 Kd7 51.h4 Be7 52.h5 Bg5 53.Bb6 Kc6 54.Ba7 
Kd6 55.Bb8+ Ke6 56.Bc7 Bh6 57.Bf4 Bf8 58.a5 Kd7 59.h6 Kc6 60.h7 Bg7 61.Kg3
Kb5 62.Bc7 Kc6 63.Bd8 Kd7 64.a6 Be5+ 65.Kf3 Kc8 66.Bb6 Kd7 67.a7 1-0

[Event "Weekend"]
[Site "Monza ITA"]
[Date "2006.03.25"]
[Round "4"]
[White "Poletto, Daniele"]
[Black "Folcini, Gaddo"]
[Result "0-1"]
[WhiteElo "1670"]
[BlackElo "1511"]
[PlyCount "80"]
[EventDate "2006.03.18"]

1.c4 d5 2.Nf3 Nf6 3.g3 Bg4 4.Bg2 Bxf3 5.Bxf3 e6 6.O-O Nc6 7.cxd5 Ne5 8.Bg2
exd5 9.d3 Be7 10.Nc3 c6 11.a3 O-O 12.Bd2 h5 13.h4 Nfg4 14.Bg5 Bxg5 15.hxg5
Qxg5 16.f4 Qe7 17.fxe5 Ne3 18.Qd2 d4 19.Rf3 Qxe5 20.Nd1 Nxg2 21.Kxg2 Rae8 
22.Kf1 Re6 23.e4 dxe3 24.Rxe3 Qg5 25.Qe2 Rfe8 26.Kf2 h4 27.g4 h3 28.Rxe6 
Rxe6 29.Ne3 Qf4+ 30.Qf3 Qh2+ 31.Kf1 Qd2 32.Nc4 Qc2 33.Qxh3 Rf6+ 34.Kg1 
Qf2+ 35.Kh1 Rh6 36.Qxh6 gxh6 37.Rg1 Qf3+ 38.Rg2 Qxd3 39.Ne5 Qd1+ 40.Rg1 
Qd5+ 0-1

[Event "Weekend"]
[Site "Monza ITA"]
[Date "2006.03.25"]
[Round "4"]
[White "Santelli, Francesco"]
[Black "Bettini, Massimo"]
[Result "1-0"]
[WhiteElo "1810"]
[BlackElo "1916"]
[PlyCount "83"]
[EventDate "2006.03.18"]

1.e4 e5 2.f4 exf4 3.Bc4 Be7 4.Nf3 Bh4+ 5.Kf1 Nf6 6.Nxh4 d5 7.exd5 O-O 8.
Nf3 c6 9.d6 Qxd6 10.Nc3 b5 11.Bb3 b4 12.Ne2 Ng4 13.d3 Ne3+ 14.Bxe3 fxe3 
15.Qe1 Qf6 16.Qxb4 a5 17.Qd4 Qg6 18.Ke1 a4 19.Bc4 Be6 20.Rg1 Bxc4 21.Qxc4 
Nd7 22.Qe4 Qf6 23.Qxe3 Qxb2 24.Kf2 Nf6 25.Qd4 Qb5 26.Rab1 Qf5 27.g4 Qe6 
28.g5 Nh5 29.Qc4 Qe7 30.Rg4 Ra5 31.Qxc6 Qa7+ 32.Qb6 Qa8 33.Rb5 Rxb5 34.
Qxb5 Rb8 35.Qxa4 Qb7 36.Re4 Kf8 37.Qa3+ Kg8 38.Qe7 Qb6+ 39.Kg2 g6 40.Ne5 
Qb1 41.Nxf7 Rf8 42.Nh6+ 1-0

[Event "Weekend"]
[Site "Monza ITA"]
[Date "2006.03.25"]
[Round "4"]
[White "Tomasetto, Mauro"]
[Black "Manca, Renato"]
[Result "1/2-1/2"]
[WhiteElo "1512"]
[BlackElo "1772"]
[PlyCount "80"]
[EventDate "2006.03.18"]

1.e4 c5 2.c3 d6 3.d4 cxd4 4.cxd4 Nf6 5.Nc3 g6 6.Bg5 Bg7 7.f3 O-O 8.Bc4 Nc6
9.Nge2 Qa5 10.Qd2 Qb4 11.Bb3 Re8 12.O-O Nh5 13.Be3 Na5 14.Ba4 Nc4 15.Qc1 
Nxe3 16.Qxe3 Rd8 17.Bb3 Be6 18.Nd5 Bxd5 19.Bxd5 e5 20.dxe5 Bxe5 21.Kh1 Nf6
22.Bb3 Nd7 23.f4 Bg7 24.f5 Ne5 25.fxg6 hxg6 26.Qf4 Rd7 27.h4 Rf8 28.h5 Nd3
29.Qg5 Ne5 30.Qh4 gxh5 31.Ng3 d5 32.Rf5 Rd6 33.Rxh5 Rg6 34.Bxd5 Rg4 35.Qh3
Qxb2 36.Rf1 Qc3 37.Rxe5 Qxg3 38.Qxg3 Rxg3 39.Ref5 Rg4 40.Rxf7 Rxf7 1/2-1/2

[Event "Weekend"]
[Site "Monza ITA"]
[Date "2006.03.26"]
[Round "5"]
[White "Bertrecchi, Corrado"]
[Black "Casartelli, Fabio"]
[Result "0-1"]
[WhiteElo "1395"]
[BlackElo "1965"]
[PlyCount "64"]
[EventDate "2006.03.18"]

1.d4 Nf6 2.c4 e5 3.d5 Bc5 4.e3 O-O 5.a3 a6 6.b4 Ba7 7.Bb2 d6 8.Nd2 Bf5 9.
h3 Nbd7 10.g4 Bg6 11.Bg2 Qe7 12.h4 h6 13.e4 Nb6 14.Bc1 Qd7 15.f3 Na4 16.
Nb1 b5 17.Bh3 Qd8 18.g5 Nh5 19.Bf1 Bd4 20.Ra2 Ng3 21.Rh3 Nxf1 22.Kxf1 Qd7 
23.Rah2 h5 24.Qb3 Nb6 25.Nd2 bxc4 26.Nxc4 Qb5 27.Rc2 a5 28.a4 Nxa4 29.Ne2 
Bc5 30.Bd2 axb4 31.Nc3 Nxc3 32.Bxc3 Ra3 0-1

[Event "Weekend"]
[Site "Monza ITA"]
[Date "2006.03.26"]
[Round "5"]
[White "Bettini, Massimo"]
[Black "Bencivenga, Antonio"]
[Result "1-0"]
[WhiteElo "1916"]
[BlackElo "1443"]
[PlyCount "65"]
[EventDate "2006.03.18"]

1.e4 d6 2.d4 Nf6 3.Nc3 g6 4.Be2 Bg7 5.g4 O-O 6.g5 Ne8 7.h4 f6 8.h5 e5 9.
hxg6 hxg6 10.Bc4+ Rf7 11.dxe5 fxe5 12.Nf3 Bg4 13.Bxf7+ Kxf7 14.Nxe5+ Bxe5 
15.Qxg4 Ng7 16.f4 Bd4 17.Ne2 Nc6 18.f5 Qg8 19.fxg6+ Ke7 20.c3 Ne5 21.Qh3 
Bb6 22.Nf4 c6 23.Be3 Bc7 24.b3 Rf8 25.O-O-O Kd8 26.Bd4 Re8 27.Bc5 Ke7 28.
Bd4 Rd8 29.Rhf1 b5 30.Bxe5 dxe5 31.Rxd8 Bxd8 32.Qh7 Kf8 33.Nh5+ 1-0

[Event "Weekend"]
[Site "Monza ITA"]
[Date "2006.03.26"]
[Round "5"]
[White "Capata, Ion"]
[Black "Bozzali, Ermanno"]
[Result "1-0"]
[WhiteElo "2084"]
[BlackElo "2105"]
[PlyCount "61"]
[EventDate "2006.03.18"]

1.e4 c5 2.c3 Nf6 3.e5 Nd5 4.d4 cxd4 5.cxd4 e6 6.Nc3 Nxc3 7.bxc3 Qc7 8.Bd2 
b6 9.f4 d5 10.exd6 Bxd6 11.Nh3 Bb7 12.Qg4 g6 13.Bd3 Nd7 14.O-O Nf6 15.Qh4 
Be7 16.Qe1 Qc6 17.Qe2 O-O 18.Ng5 h6 19.Nf3 Ne4 20.Ne5 Qd5 21.Rf3 Nxd2 22.
Qxd2 Bh4 23.Rh3 g5 24.Nf3 g4 25.Rxh4 gxf3 26.f5 exf5 27.Rf1 Qe6 28.Rxh6 f6
29.Re1 Qc6 30.Re7 Rf7 31.Rh8+ 1-0